|
|
|
|
| LEADER |
00000nam0a2200000 4500 |
| 001 |
67741 |
| 005 |
20231031073837.0 |
| 035 |
|
|
|a (RuTPU)RU\TPU\book\72133
|
| 090 |
|
|
|a 67741
|
| 100 |
|
|
|a 20040922d1966 m y0rusy50 ca
|
| 101 |
0 |
|
|a rus
|
| 102 |
|
|
|a UA
|
| 105 |
|
|
|a a j 001zy
|
| 200 |
1 |
|
|a Гидравлика и гидравлические машины
|e учебник
|f А. А. Угинчус
|
| 205 |
|
|
|a 3-е изд., перераб. и доп.
|
| 210 |
|
|
|a Харьков
|c Изд-во Харьковского ун-та
|d 1966
|
| 215 |
|
|
|a 399 с.
|c ил.
|
| 451 |
|
1 |
|0 (RuTPU)RU\TPU\book\166291
|y 978-5-904034-02-3
|t Гидравлика и гидравлические машины
|o учебник для вузов
|f А. А. Угинчус
|e 5-е изд., стер.
|c М.
|n Аз-book
|d 2009
|p 596 с.
|a Угинчус, Александр Антонович
|
| 610 |
1 |
|
|a гидравлика
|
| 610 |
1 |
|
|a гидравлические машины
|
| 610 |
1 |
|
|a гидростатика
|
| 610 |
1 |
|
|a гидродинамика
|
| 610 |
1 |
|
|a уравнения
|
| 610 |
1 |
|
|a теория
|
| 610 |
1 |
|
|a лопастные машины
|
| 610 |
1 |
|
|a гидродинамические передачи
|
| 610 |
1 |
|
|a гидравлические приводы
|
| 610 |
1 |
|
|a учебники
|
| 675 |
|
|
|a 532(075)
|v 3
|
| 675 |
|
|
|a 621.2(075)
|v 3
|
| 700 |
|
1 |
|a Угинчус
|b А. А.
|g Александр Антонович
|
| 801 |
|
1 |
|a RU
|b 63413507
|c 20040922
|g PSBO
|
| 801 |
|
2 |
|a RU
|b 63413507
|c 20220524
|g PSBO
|
| 942 |
|
|
|c BK
|